Sekolah Menengah Jenis Kebangsaan Yok Bin Melaka

Bibliographic Details
Format: Book
Published: Melaka : SMJK Yok Bin , 2010
Subjects:

MARC

LEADER 00000cam a2200000 7i4500
001 0000086565
005 20110609.0
008 110609 bmc
090 0 0 |a 371.2118 SEK 
245 1 0 |a Sekolah Menengah Jenis Kebangsaan Yok Bin Melaka 
260 |a Melaka :   |b SMJK Yok Bin ,   |c 2010 
300 |a 276p. :   |b col.ill.; ;   |c 27cm. 
650 0 0 |a School   |x Administration   |z Melaka 
999 |a 0000108404   |b Laporan Tahunan   |c Koleksi Melaka   |e Perbadanan Perpustakaan Awam Melaka